000 00338 a2200157 4500
001 145623
040 _cLeonardo Da Vinci
041 _aPortuguês
082 _a817 A432
_bA432
100 _aALLEN, Woody
245 _aCuca Fundida
260 _bL e M Pocket
_c2013
_aSão Paulo
300 _a160p
362 _a20130000
942 _cBK
999 _c145623
_d145623